Szanghaj - quiz wielokrotnego wyboru - Statystyki

Ogólne statystyki
  • Ten quiz został rozwiązany 25 razy
  • Średni wynik to 5 z 10
Statystyki odpowiedzi
Zagadnienie Odpowiedź % Poprawnych
Nad deltą jakiej rzeki leży Szanghaj? Jangcy
75%
Szanghaj ostatnio zyskał rozgłos dzięki... Jednemu z najsurowszych lockdownów COVID-19 na świecie
75%
Gdzie w Chinach znajduje się Szanghaj?
71%
Który obraz przedstawia Szanghaj?
67%
Kto okupował Szanghaj podczas pierwszej wojny opiumowej? Wielka Brytania
67%
Nad jakim morzem leży Szanghaj? Morze Wschodniochińskie
46%
Szanghaj ma ... Wszystko powyższe
46%
Które z tych miast jest położone najbliżej Szanghaju? Suzhou
29%
Odmianą którego języka chińskiego jest język szanghajski? Wu
29%
Jak nazywa się dawna dzielnica kolonialna Szanghaju, w której znajduje się wiele europejskich budynków? Bund
13%
Nie znaleziono quizów pasujących do podanych kryteriów
Rozkład punktacji
Procent ludzi z każdym wynikiem
Percentyl według liczby udzielonych odpowiedzi
Twoja historia wyników
Nie rozwiązałeś tego quizu